00481 2200193 4500001002100000005001500021008004100036020001800077035001900095041000700114082000800121090001400129100002900143245004300172260001800215300003400233500000600267650001400273INLIS00000000000230820241224112520241224||||||||| | ||| |||| || |  a979-3702-15-x 0010-1224002308 aen0 a610 a610 PRA t0 aPrapti Utami Tim Lentera00aTerapi Jus Untuk Rematik dan Asam Urat aJakartac2004 aviii, 52 hlm.; ilus.: 23,5 cm a1 0akesehatan